000 00497cam a22001934a 4500
005 20250605164246.0
008 250528s ||||||||||||||||||||||||d
035 _a21527
020 _a9789603434429
040 _aGR-AtMCL
_bgre
_dGR-AtMCL
_eAACR2
245 1 _aΣΥΝΕΤΑΙΡΙΣΜΟΙ
250 _a1
260 _bΑδελφοι Κυριακιδη,
_c1998
300 _a420
700 1 _aΚαμενιδης Χριστος Θ
_97521
942 _cBK
999 _c6589
_d6589